| 000 | 00547nam a2200181Ia 4500 | ||
|---|---|---|---|
| 008 | 090123s9999 xx 000 0 und d | ||
| 082 |
_b22871 _a891.463/पोखर |
||
| 100 | _aपोखरकर प्रशांत | ||
| 245 | _aरस्तरा | ||
| 250 | _a1 | ||
| 260 |
_bपुष्प प्रकाशन _c1993 |
||
| 300 | _a222 | ||
| 600 | _aपोखरकर प्रशांत | ||
| 630 | _aरस्तरा | ||
| 700 | _aपोखरकर प्रशांत | ||
| 730 | _aरस्तरा | ||
| 942 | _cBOOK | ||
| 999 |
_c60943 _d60943 |
||